| 000 | 00644cam a2200217 4500500 | ||
|---|---|---|---|
| 005 | 20260405004008.0 | ||
| 041 | _afre | ||
| 042 | _adc | ||
| 100 | 1 | 0 |
_aLacroix, Alexandre _eauthor |
| 245 | 0 | 0 | _aConversation accoudée au comptoir d’un bar de l’enfer |
| 260 | _c2026. | ||
| 500 | _a18 | ||
| 690 | _aAlexandre Lacroix | ||
| 690 | _aCarl Schmitt | ||
| 690 | _aChine | ||
| 690 | _aEmpire | ||
| 690 | _aOccident | ||
| 690 | _aSun Tzu | ||
| 786 | 0 | _nPhilosophie magazine | 197 | 2 | 2026-02-01 | p. 1-3 | 1951-1787 | |
| 856 | 4 | 1 | _uhttps://shs.cairn.info/magazine-philosophie-magazine-2026-2-page-1?lang=fr&redirect-ssocas=7080 |
| 999 |
_c2072736 _d2072736 |
||